LEADER 00538naa a2200145 i 4500 001 000000303363 003 CaOOAMICUS 005 20180831172758.0 008 180831n xx u000 u und u 013 $a11144 040 $aSeMil$bita 100 1 $aMargaritti, Antonio <1932-2007>.$0(OLS)http://semarc/name/39147 245 10$aModerno e postmoderno. 773 0 $aAmbrosio, Gianni $tCaso Europa.$dMilano : Glossa, copyr. 1991.$kDisputatio $z88-7105-012-6$w()38320 996 $6245$aModerno e postmoderno$9(OLS)http://semarc/title/379333 LEADER 00783nab a2200145 i 4500 001 000000315214 003 CaOOAMICUS 005 20180831173146.0 008 180831n xx uu u0 0und r 013 $a24301 040 $aSeMil$bita 100 1 $aCorecco, Eugenio,$d<1931-1995>.$0(OLS)http://semarc/name/7188 245 13$aIl Sacerdote ministro del matrimonio. Analisi del problema in relazione alla dottrina della inseparabilità tra contratto e sacramento, nei lavori preparatori del Concilio Vaticano I. 773 0 $t[Gennaio-Dicembre].$g343-372, 427-47$w()274268 996 $6245$aIl Sacerdote ministro del matrimonio. Analisi del problema in relazione alla dottrina della inseparabilità tra contratto e sacramento, nei lavori preparatori del Concilio Vaticano I$9(OLS)http://semarc/title/389293